000 00381nam a2200157Ia 4500
008 230312s9999||||xx |||||||||||||| ||und||
020 _a0-340-84954-1
082 _a302.3
_bFLE
100 _aPeter Fleming
245 0 _aNegotiating
260 _bHodder & Stoughton
_aUK
_c2003
300 _a96
546 _aEng.
650 _aEconomics
_vProposing, People and Places
942 _cBK
999 _c2747
_d2747